Normal view
MARC view
Entry Topical Term
001 - CONTROL NUMBER
- control field: 14182
003 - CONTROL NUMBER IDENTIFIER
- control field: dpl
005 - DATE AND TIME OF LATEST TRANSACTION
- control field: 20100816164721.0
008 - FIXED-LENGTH DATA ELEMENTS
- fixed length control field: 100816|||a|||||| | ||| d
040 ## - CATALOGING SOURCE
- Original cataloging agency: dpl
- Transcribing agency: dpl
150 ## - HEADING--TOPICAL TERM
- Topical term or geographic name as entry element: Steel alloys
- General subdivision: Thermomechanical treatment
670 ## - SOURCE DATA FOUND
- Source citation: Work cat.: (dpl): 2nd international conference on thermo- mechanical simulation and processing of steels (simpro'08) /, 2008
670 ## - SOURCE DATA FOUND
- Source citation: Work cat.: (dpl): 2nd international conference on thermo- mechanical simulation and processing of steels (simpro'08) /, 2008
